00242nam a22001097a 4500003000400000082001500004100002600019245004300045250000800088260002800096300000800124SGT a332.6bPAN aPANDIAN, PUNITHAVATHY aSECURITY ANALYSIS PORTFOLIO MANAGEMENT a2ND bVIKAS PUBLICATIONc2017 a559